Condenado a muerte

Kaydedildi:
Detaylı Bibliyografya
Yazar: Ros, Félix
Materyal Türü: Kitap
Dil:Undetermined
Baskı/Yayın Bilgisi: Madrid, España Nacional 1967
Konular:
Etiketler: Etiketle
Etiket eklenmemiş, İlk siz ekleyin!

MARC

LEADER 00000nam a2200000Ia 4500
008 170316s9999 xx 000 0 und d
040 |a cru BVZT 
090 |a 862 R-18c 
100 |a Ros, Félix 
245 |a Condenado a muerte 
260 |a Madrid, España 
260 |b Nacional 
260 |c 1967 
300 |a 227 páginas 
650 |a LITERATURA ESPAÑOLA 
999 |c 10356  |d 10356 
942 |c 15 D  |h 862 R-18c  |2 z